|
|
|
|
| LEADER |
00000nab a2200000 a 4500 |
| 001 |
vtls000862904 |
| 003 |
SK-MaSNL |
| 005 |
20260304112934.0 |
| 008 |
250429c2003 xo 0 slo |
| 015 |
|
|
|a SNBRB2004/02-05218
|
| 035 |
|
|
|a CLN000214472
|
| 035 |
|
|
|a urn:nbn:sk:snk-abersu
|
| 035 |
|
|
|a (urnnbn)urn:nbn:sk:snk:ar-006za9
|
| 035 |
|
|
|a (uuid)6d2f9d0b-c872-4d14-942a-3c0cf9b3bbd7
|
| 040 |
|
|
|a SNKBUCL
|b slo
|c SNKBUCL
|e AACR2
|
| 041 |
0 |
|
|a slo
|
| 044 |
|
|
|a xo
|c SK
|
| 080 |
|
|
|a 639.111.1(437.6)
|2 1997
|
| 100 |
1 |
|
|a Hell, Pavel,
|d 1930-2009
|4 aut
|9 125123
|
| 245 |
1 |
0 |
|a Ako poľovať na diviačiu zver
|c Pavel Hell, Jaroslav Slamečka, Jozef Gašparík
|
| 300 |
|
|
|b Graf, mp., tab.
|
| 650 |
0 |
7 |
|a diviačia zver
|2 SNKPH
|9 71103
|
| 650 |
0 |
7 |
|a lov zveri
|2 SNKPH
|9 2772
|
| 655 |
|
7 |
|a články z novín a časopisov
|2 snkbucl
|9 267496
|
| 700 |
1 |
|
|a Gašparík, Jozef,
|d 1952-
|4 aut
|9 215663
|
| 700 |
1 |
|
|a Slamečka, Jaroslav
|4 aut
|9 8823
|
| 773 |
0 |
|
|t Poľovníctvo a rybárstvo
|g Roč. 55, č. 10 (2003), s. 6-7
|x 0231-8768
|
| 850 |
|
|
|a Slovenská národná knižnica
|
| 852 |
|
|
|a Slovenská národná knižnica
|
| 954 |
|
|
|a odborná, vedecká literatúra pôvodná (slovenská)
|2 lita
|
| 958 |
|
|
|a article27
|
| 958 |
|
|
|a SK
|
| 958 |
|
|
|a OND
|
| 958 |
|
|
|a EUIPO
|
| 992 |
|
|
|a RBX
|
| 999 |
|
|
|c 2867618
|d 2869548
|